Central Library OPAC University of Rajshahi

রোহিঙ্গা সমস্যা : (Record no. 80680)

MARC details
000 -LEADER
fixed length control field 01774nam a2200265 a 4500
001 - CONTROL NUMBER
RUCL Control Number 80680
003 - CONTROL NUMBER IDENTIFIER
rucl marc code BD-RjUL
005 - DATE AND TIME OF LATEST TRANSACTION
control field 20230112143829.0
008 - FIXED-LENGTH DATA ELEMENTS--GENERAL INFORMATION
fixed length control field 221101s2000 bg a|||| m||| 00| 0 ben d
035 ## - SYSTEM CONTROL NUMBER
system control number (BD-RjUL)80680
040 ## - CATALOGING SOURCE
Original cataloging agency BD-RjUL
Language of cataloging ben/eng
Transcribing agency BD-RjUL
Modifying agency BD-RjUL
041 ## - LANGUAGE CODE
Language code of Book ben
082 ## - DEWEY DECIMAL CLASSIFICATION NUMBER
DDC Edition number 23
Classification number 305.906914
Author mark and Year RAR 2000
100 ## - MAIN ENTRY--PERSONAL NAME
Personal name রহমান, মো: মাহফুজুর
245 ## - TITLE STATEMENT
Title রোহিঙ্গা সমস্যা :
Remainder of title বাংলাদেশের দৃষ্টিভংগী, ১৯৭৮-১৯৯৪ /
Statement of responsibility, etc মো: মাহফুজুর রহমান
Name of Supervisor/Co-Supervisor গবেষণা তত্ত্বাবধায়ক : মোহাম্মদ মুহিবউল্যাহ ছিদ্দিকী
246 ## - VARYING FORM OF TITLE
Title proper/short title The Rohingya Problem:
Remainder of title Bangladesh's Perspective, 1978-1994 /
260 ## - PUBLICATION, DISTRIBUTION, ETC. (IMPRINT)
Place of publication, distribution, etc রাজশাহী :
Name of publisher, distributor, etc ইসলামের ইতিহাস ও সংস্কৃতি বিভাগ, রাজশাহী বিশ্ববিদ্যালয়,
Date of publication, distribution, etc ২০০০
300 ## - PHYSICAL DESCRIPTION
Pagination [২], xiii, ২৮৪ পাতা :
Other physical details চিত্র.;
Dimensions ২৯ সেমি.
502 ## - DISSERTATION NOTE
Dissertation note থিসিস (এম.ফিল.) -- ইসলামের ইতিহাস ও সংস্কৃতি বিভাগ, রাজশাহী বিশ্ববিদ্যালয়,২০০০
504 ## - BIBLIOGRAPHY, ETC. NOTE
Bibliography, etc গ্রন্থপঞ্জি : পাতা ২৩৯-২৬১
650 ## - SUBJECT ADDED ENTRY--TOPICAL TERM
Topical term or geographic name as entry element রোহিঙ্গা
General subdivision সমস্যা
Geographic subdivision বাংলাদেশ
9 (RLIN) 5628
Topical term or geographic name as entry element Rohingya
General subdivision Problem
Chronological subdivision 1978-1994
Geographic subdivision Bangladesh
9 (RLIN) 5629
700 ## - ADDED ENTRY--SUPERVISOR/CO-SUPERVISOR NAME
Personal name ছিদ্দিকী, মোহাম্মদ মুহিবউল্যাহ, গবেষণা তত্ত্বাবধায়ক
9 (RLIN) 5630
942 ## - ADDED ENTRY ELEMENTS (KOHA)
Source of classification or shelving scheme Dewey Decimal Classification
Koha item type Theses
Holdings
Source of classification or shelving scheme Damaged status Not for loan Collection code Permanent Location Current Location Shelving location Date of accession Source of acquisition Full call number Barcode Date last seen Copy number Thesis
Dewey Decimal Classification   Not For Loan Theses Central Library, University of Rajshahi Central Library, University of Rajshahi Documentation Section 20/04/2002 Controller of Exam. R.U. BTHE 305.906914 RAR 2000 D2043 01/11/2022 C-1 Theses